Globalizace, demokracie a terorismus
Saved in:
| Main Author: | |
|---|---|
| Other Authors: | |
| Format: | Book |
| Language: | Czech |
| Published: |
Praha
Academia
2009
|
| Subjects: | |
| Tags: |
No Tags, Be the first to tag this record!
|
MARC
| LEADER | 00000nam$a2200000$$$4500 | ||
|---|---|---|---|
| 001 | 0098536 | ||
| 005 | 20240313085826.4 | ||
| 020 | |a 978-80-200-1725-3 | ||
| 041 | 0 | |a cze | |
| 044 | |a CZ | ||
| 245 | 1 | 0 | |a Globalizace, demokracie a terorismus |c Eric Hobsbawm ; přeložil: Pavel Pejša |
| 264 | 1 | |a Praha |b Academia |c 2009 | |
| 300 | |a 134 s. | ||
| 610 | 2 | 0 | |a globalizácia |
| 610 | 2 | 0 | |a demokracia |
| 610 | 2 | 0 | |a terorizmus |
| 610 | 2 | 0 | |a vzťahy medzinárodné |
| 610 | 2 | 0 | |a konflikty |
| 610 | 2 | 0 | |a štát |
| 610 | 2 | 0 | |a procesy sociálne |
| 100 | 1 | |a Hobsbawm, Eric John | |
| 700 | 1 | |a Pejša, Pavel | |